[Event "Wroclaw"]
[Site "?"]
[Date "2020.08.27"]
[Round "11.3"]
[White "Pacan-Milej, Kosma"]
[Black "Psyk, Radoslaw"]
[Result "0-1"]
[BlackElo "2288"]
[WhiteElo "2113"]
[LiveChessVersion "1.4.8"]

1. d4 {[%clk 0:03:03]} Nf6 {[%clk 0:03:02]} 2. c4 {[%clk 0:03:03]} e6
{[%clk 0:02:59]} 3. Nf3 {[%clk 0:03:03]} Bb4+ {[%clk 0:02:58]} 4. Bd2
{[%clk 0:03:02]} Qe7 {[%clk 0:02:58]} 5. g3 {[%clk 0:03:03]} Nc6 {[%clk 0:02:47]}
6. Nc3 {[%clk 0:03:03]} O-O {[%clk 0:02:43]} 7. Bg2 {[%clk 0:03:04]} d6
{[%clk 0:02:42]} 8. O-O {[%clk 0:03:03]} h6 {[%clk 0:01:56]} 9. Qc2
{[%clk 0:02:54]} e5 {[%clk 0:01:45]} 10. dxe5 {[%clk 0:02:12]} Nxe5
{[%clk 0:01:45]} 11. Nxe5 {[%clk 0:01:50]} Qxe5 {[%clk 0:01:37]} 12. Bf4
{[%clk 0:01:39]} Qh5 {[%clk 0:01:19]} 13. Nd5 {[%clk 0:01:13]} Nxd5
{[%clk 0:01:20]} 14. cxd5 {[%clk 0:01:13]} Bc5 {[%clk 0:01:21]} 15. b4
{[%clk 0:00:54]} Bb6 {[%clk 0:01:09]} 16. a4 {[%clk 0:00:50]} a5 {[%clk 0:01:11]}
17. bxa5 {[%clk 0:00:37]} Rxa5 {[%clk 0:01:02]} 18. Qb2 {[%clk 0:00:35]} Re8
{[%clk 0:00:55]} 19. Rfe1 {[%clk 0:00:28]} Bh3 {[%clk 0:00:53]} 20. Bxh3
{[%clk 0:00:13]} Qxh3 {[%clk 0:00:54]} 21. e4 {[%clk 0:00:13]} Qg4
{[%clk 0:00:38]} 22. Be3 {[%clk 0:00:12]} Bxe3 {[%clk 0:00:14]} 23. Rxe3
{[%clk 0:00:13]} Rxe4 {[%clk 0:00:15]} 24. f3 {[%clk 0:00:09]} Rb4
{[%clk 0:00:10]} 25. Qc3 {[%clk 0:00:04]} Qd4 {[%clk 0:00:09]} 26. Qxd4
{[%clk 0:00:04]} Rxd4 {[%clk 0:00:10]} 27. Re8+ {[%clk 0:00:04]} Kh7
{[%clk 0:00:12]} 28. Rc1 {[%clk 0:00:04]} Raxa4 {[%clk 0:00:10]} 29. Rxc7
{[%clk 0:00:05]} Rd2 {[%clk 0:00:11]} 30. Re1 {[%clk 0:00:03]} Raa2
{[%clk 0:00:10]} 31. Rxf7 {[%clk 0:00:03]} Rg2+ {[%clk 0:00:11]} 32. Kh1
{[%clk 0:00:04]} Rxh2+ {[%clk 0:00:12]} 33. Kg1 {[%clk 0:00:06]} b5
{[%clk 0:00:05]} 34. Ree7 {[%clk 0:00:06]} Rhg2+ {[%clk 0:00:06]} 35. Kh1
{[%clk 0:00:07]} Rxg3 {[%clk 0:00:07]} 36. f4 {[%clk 0:00:06]} b4
{[%clk 0:00:07]} 37. f5 {[%clk 0:00:07]} b3 {[%clk 0:00:03]} 38. f6
{[%clk 0:00:08]} b2 {[%clk 0:00:04]} 39. Rxg7+ {[%clk 0:00:08]} Rxg7
{[%clk 0:00:05]} 40. Rxg7+ {[%clk 0:00:10]} Kh8 41. Rg1 {[%clk 0:00:03]} Ra1
{[%clk 0:00:07]} 0-1

[Event "Wroclaw"]
[Site "?"]
[Date "2020.08.27"]
[Round "11.4"]
[White "Zerebiec, Maurycy"]
[Black "Mis, Mieszko"]
[Result "0-1"]
[BlackElo "2370"]
[WhiteElo "1920"]
[LiveChessVersion "1.4.8"]

1. c4 e6 2. e4 c5 3. Nc3 Nc6 4. g3 g6 5. Bg2 Bg7 6. Nge2 Nge7 7. O-O O-O 8. d3
Nd4 9. a3 b6 10. Rb1 Bb7 11. f4 d5 12. exd5 exd5 13. Be3 Nxe2+ 14. Nxe2 Qd7 15.
Qc2 Nf5 16. Bf2 Rfe8 17. Nc3 dxc4 18. dxc4 Bxg2 19. Kxg2 Bxc3 20. Qxc3 Re2 21.
Qf3 Rae8 22. Rfe1 Nd4 23. Qd5 Qf5 24. Rxe2 Rxe2 25. Re1 Rxe1 26. Bxe1 Qc2+ 27.
Bf2 Qxb2 28. Qe5 Qe2 29. Qb8+ Kg7 30. Qxa7 Qe4+ 31. Kf1 Qd3+ 32. Kg2 Qf3+ 33. Kf1
Qe2+ 34. Kg2 Qe4+ 35. Kf1 Nf3 36. Qxb6 Nxh2+ 37. Kg1 Nf3+ 38. Kf1 Nd4 39. Kg1
Nf3+ 40. Kf1 Qxc4+ 41. Kg2 Qe4 42. Kf1 Nd2+ 43. Kg1 Nf3+ 44. Kf1 h5 45. Qxc5 Nd2+
46. Kg1 Qb1+ 47. Kg2 Qb7+ 48. Kg1 Nf3+ 49. Kf1 Qe4 50. Qc3+ Kh7 51. Qe3 Qb1+ 52.
Kg2 Nd2 53. Qxd2 Qe4+ 54. Kf1 Qb1+ 55. Be1 Qb5+ 56. Kg2 Qc6+ 57. Kf2 Qc5+ 58. Qe3
Qc2+ 59. Bd2 Qa2 60. f5 gxf5 61. Qh6+ Kg8 62. Qg5+ Kf8 63. Qe3 Kg7 64. Kg2 Qc2
65. Kh3 Qd1 66. Bc3+ Kg6 67. Qb6+ Kh7 68. Qe3 Qh1# 0-1

[Event "Wroclaw"]
[Site "?"]
[Date "2020.08.27"]
[Round "11.5"]
[White "Kokoszczynski, Jan"]
[Black "Kozak, Antoni"]
[Result "0-1"]
[BlackElo "2320"]
[WhiteElo "2163"]
[LiveChessVersion "1.4.8"]

1. d4 {[%clk 0:03:03]} d5 {[%clk 0:03:04]} 2. c4 {[%clk 0:03:03]} e6
{[%clk 0:03:05]} 3. Nc3 {[%clk 0:03:01]} c6 {[%clk 0:03:06]} 4. cxd5
{[%clk 0:02:59]} exd5 {[%clk 0:03:07]} 5. Nf3 {[%clk 0:02:57]} Nf6
{[%clk 0:03:08]} 6. g3 {[%clk 0:02:57]} Bd6 {[%clk 0:03:02]} 7. Bg2
{[%clk 0:02:58]} O-O {[%clk 0:03:02]} 8. O-O {[%clk 0:02:59]} Bf5
{[%clk 0:03:02]} 9. Bf4 {[%clk 0:02:55]} Bxf4 {[%clk 0:03:03]} 10. gxf4
{[%clk 0:02:56]} Nbd7 {[%clk 0:03:04]} 11. e3 {[%clk 0:02:50]} Ne4
{[%clk 0:03:05]} 12. Ne5 {[%clk 0:02:48]} Nd6 {[%clk 0:03:06]} 13. Kh1
{[%clk 0:02:42]} f6 {[%clk 0:03:07]} 14. Nxd7 {[%clk 0:02:41]} Qxd7
{[%clk 0:03:07]} 15. Bf3 {[%clk 0:02:42]} Kh8 {[%clk 0:03:07]} 16. Rg1
{[%clk 0:02:43]} Rg8 {[%clk 0:02:57]} 17. Rg3 g5 {[%clk 0:02:51]} 18. fxg5
{[%clk 0:02:31]} fxg5 {[%clk 0:02:52]} 19. Bg4 {[%clk 0:02:22]} Raf8
{[%clk 0:02:52]} 20. f3 {[%clk 0:01:46]} Bxg4 {[%clk 0:02:43]} 21. Rxg4
{[%clk 0:01:47]} Nf5 {[%clk 0:02:44]} 22. Qg1 {[%clk 0:01:41]} Qe7
{[%clk 0:01:47]} 23. e4 {[%clk 0:01:05]} Nh4 {[%clk 0:01:47]} 24. e5
{[%clk 0:00:54]} Nxf3 {[%clk 0:01:44]} 25. Qe3 {[%clk 0:00:52]} Qe6
{[%clk 0:01:33]} 26. Rg3 {[%clk 0:00:51]} g4 {[%clk 0:01:31]} 27. h3
{[%clk 0:00:36]} h5 {[%clk 0:01:23]} 28. hxg4 {[%clk 0:00:37]} hxg4
{[%clk 0:01:24]} 29. Kg2 {[%clk 0:00:10]} Nh4+ {[%clk 0:01:25]} 30. Kh2
{[%clk 0:00:11]} Nf5 {[%clk 0:01:20]} 31. Qg1 {[%clk 0:00:03]} Qh6+
{[%clk 0:01:15]} 32. Kg2 {[%clk 0:00:04]} Nh4+ {[%clk 0:01:16]} 33. Kh2
{[%clk 0:00:05]} Nf3+ {[%clk 0:01:17]} 34. Kg2 {[%clk 0:00:06]} Nxg1
{[%clk 0:01:16]} 35. Rxg1 {[%clk 0:00:07]} Rf3 {[%clk 0:01:14]} 0-1

[Event "Wroclaw"]
[Site "?"]
[Date "2020.08.27"]
[Round "11.6"]
[White "Radecki, Adam"]
[Black "Lis, Mateusz"]
[Result "1-0"]
[BlackElo "2113"]
[WhiteElo "1908"]
[LiveChessVersion "1.4.8"]

1. e4 {[%clk 0:03:03]} c5 {[%clk 0:03:04]} 2. Nf3 {[%clk 0:03:02]} Nc6
{[%clk 0:03:05]} 3. d3 {[%clk 0:03:03]} e6 {[%clk 0:02:56]} 4. g3
{[%clk 0:03:04]} d5 {[%clk 0:02:55]} 5. Nbd2 {[%clk 0:03:05]} Nf6
{[%clk 0:02:55]} 6. Bg2 {[%clk 0:03:06]} Be7 {[%clk 0:02:55]} 7. O-O
{[%clk 0:03:06]} b6 {[%clk 0:02:56]} 8. c3 {[%clk 0:03:08]} Bb7 {[%clk 0:02:58]}
9. Re1 {[%clk 0:03:05]} Qc7 {[%clk 0:02:54]} 10. Qc2 {[%clk 0:03:06]} O-O
{[%clk 0:02:41]} 11. Nf1 {[%clk 0:03:06]} dxe4 {[%clk 0:02:08]} 12. dxe4
{[%clk 0:03:07]} Rfd8 {[%clk 0:02:04]} 13. Bf4 {[%clk 0:03:04]} e5
{[%clk 0:02:05]} 14. Bg5 {[%clk 0:03:05]} Ba6 {[%clk 0:02:04]} 15. Rad1
{[%clk 0:03:04]} Rxd1 {[%clk 0:02:00]} 16. Rxd1 {[%clk 0:03:05]} Rd8
{[%clk 0:02:02]} 17. Bxf6 {[%clk 0:03:04]} Bxf6 {[%clk 0:02:01]} 18. Ne3
{[%clk 0:03:04]} Ne7 {[%clk 0:01:51]} 19. Nd5 {[%clk 0:02:52]} Nxd5
{[%clk 0:01:51]} 20. exd5 {[%clk 0:02:53]} Be7 {[%clk 0:01:41]} 21. c4
{[%clk 0:02:53]} Bd6 {[%clk 0:01:42]} 22. b3 {[%clk 0:02:53]} Bc8
{[%clk 0:01:43]} 23. Re1 {[%clk 0:02:52]} Re8 {[%clk 0:01:27]} 24. Ng5
{[%clk 0:02:30]} f5 {[%clk 0:01:10]} 25. Nf3 {[%clk 0:02:09]} g6 {[%clk 0:00:46]}
26. Nd2 {[%clk 0:01:51]} e4 {[%clk 0:00:42]} 27. Nf1 {[%clk 0:01:49]} Be5
{[%clk 0:00:43]} 28. Kh1 {[%clk 0:01:33]} Kf7 {[%clk 0:00:32]} 29. f3
{[%clk 0:01:31]} exf3 {[%clk 0:00:25]} 30. Bxf3 {[%clk 0:01:32]} Bd4
{[%clk 0:00:21]} 31. Re2 {[%clk 0:01:15]} Re5 {[%clk 0:00:19]} 32. Kg2
{[%clk 0:01:13]} Qe7 {[%clk 0:00:20]} 33. Rxe5 {[%clk 0:01:12]} Qxe5
{[%clk 0:00:21]} 34. Qe2 {[%clk 0:01:13]} Kf6 {[%clk 0:00:20]} 35. Nd2
{[%clk 0:01:10]} g5 {[%clk 0:00:16]} 36. Kf1 {[%clk 0:01:02]} g4 {[%clk 0:00:15]}
37. Qxe5+ {[%clk 0:01:00]} Kxe5 {[%clk 0:00:16]} 38. Bd1 {[%clk 0:01:00]} f4
{[%clk 0:00:14]} 39. gxf4+ {[%clk 0:00:48]} Kxf4 {[%clk 0:00:15]} 40. Ke2
{[%clk 0:00:46]} h5 {[%clk 0:00:16]} 41. Bc2 {[%clk 0:00:44]} h4 {[%clk 0:00:17]}
42. Be4 {[%clk 0:00:39]} Bg1 {[%clk 0:00:14]} 43. h3 {[%clk 0:00:36]} Be3
{[%clk 0:00:10]} 44. Nf1 {[%clk 0:00:17]} Kxe4 {[%clk 0:00:08]} 45. Nxe3
{[%clk 0:00:18]} g3 {[%clk 0:00:09]} 46. Ng2 {[%clk 0:00:18]} Bxh3
{[%clk 0:00:10]} 47. Nxh4 {[%clk 0:00:18]} Bg4+ {[%clk 0:00:11]} 48. Kf1
{[%clk 0:00:19]} Bh3+ {[%clk 0:00:08]} 49. Kg1 {[%clk 0:00:19]} Ke5
{[%clk 0:00:06]} 50. Nf3+ {[%clk 0:00:18]} Kf4 {[%clk 0:00:07]} 51. Ne1
{[%clk 0:00:15]} a6 {[%clk 0:00:08]} 52. Ng2+ {[%clk 0:00:16]} Ke4
{[%clk 0:00:09]} 53. Nh4 {[%clk 0:00:17]} b5 {[%clk 0:00:09]} 54. Ng6
{[%clk 0:00:16]} bxc4 {[%clk 0:00:10]} 55. bxc4 {[%clk 0:00:17]} Kd4
{[%clk 0:00:11]} 56. Nf4 {[%clk 0:00:17]} Bf5 {[%clk 0:00:11]} 57. Ne2+
{[%clk 0:00:17]} Kxc4 {[%clk 0:00:12]} 58. Nxg3 {[%clk 0:00:18]} Bd7
{[%clk 0:00:12]} 59. Kf2 {[%clk 0:00:19]} Kxd5 {[%clk 0:00:13]} 60. Ke3
{[%clk 0:00:20]} Kc4 {[%clk 0:00:14]} 61. Kd2 {[%clk 0:00:22]} Kb4
{[%clk 0:00:15]} 62. Kc2 {[%clk 0:00:23]} Be6 {[%clk 0:00:16]} 63. Kb2
{[%clk 0:00:24]} a5 {[%clk 0:00:18]} 64. Ne4 {[%clk 0:00:25]} a4 {[%clk 0:00:19]}
65. a3+ {[%clk 0:00:27]} Kb5 {[%clk 0:00:19]} 66. Kc3 {[%clk 0:00:27]} Bf5
{[%clk 0:00:20]} 67. Nd6+ {[%clk 0:00:29]} Kc6 {[%clk 0:00:21]} 68. Nxf5
{[%clk 0:00:30]} Kd5 {[%clk 0:00:22]} 69. Ne3+ {[%clk 0:00:31]} Kc6
{[%clk 0:00:23]} 70. Nc4 {[%clk 0:00:32]} Kb5 71. Nd6+ {[%clk 0:00:31]} Kc6
{[%clk 0:00:26]} 72. Ne4 {[%clk 0:00:33]} Kd5 {[%clk 0:00:28]} 73. Nd2
{[%clk 0:00:33]} Kd6 {[%clk 0:00:28]} 74. Kc4 {[%clk 0:00:34]} Kc6
{[%clk 0:00:30]} 75. Ne4 {[%clk 0:00:35]} Kb6 {[%clk 0:00:31]} 76. Nxc5
{[%clk 0:00:36]} Ka6 {[%clk 0:00:38]} 1-0

[Event "Wroclaw"]
[Site "?"]
[Date "2020.08.27"]
[Round "11.7"]
[White "Dytman, Radoslaw"]
[Black "Fus, Jakub"]
[Result "0-1"]
[BlackElo "2113"]
[WhiteElo "1924"]
[LiveChessVersion "1.4.8"]

1. c4 {[%clk 0:03:03]} Nf6 {[%clk 0:03:02]} 2. Nc3 {[%clk 0:03:02]} g6
{[%clk 0:03:03]} 3. g3 {[%clk 0:03:03]} Bg7 {[%clk 0:03:04]} 4. Bg2
{[%clk 0:03:04]} O-O {[%clk 0:03:04]} 5. Nf3 {[%clk 0:03:03]} d6 {[%clk 0:03:06]}
6. d3 {[%clk 0:03:01]} e5 {[%clk 0:02:47]} 7. O-O {[%clk 0:02:58]} h6
{[%clk 0:02:40]} 8. Bd2 {[%clk 0:02:48]} Be6 {[%clk 0:02:40]} 9. e4
{[%clk 0:02:09]} Nc6 {[%clk 0:02:35]} 10. Nd5 {[%clk 0:02:07]} Bg4
{[%clk 0:02:25]} 11. Qc1 {[%clk 0:01:55]} Bxf3 {[%clk 0:02:23]} 12. Bxf3
{[%clk 0:01:55]} Nd4 {[%clk 0:02:24]} 13. Bd1 {[%clk 0:01:38]} Kh7
{[%clk 0:02:23]} 14. Be3 {[%clk 0:01:35]} Ne6 {[%clk 0:02:22]} 15. f4
{[%clk 0:01:26]} exf4 {[%clk 0:02:10]} 16. gxf4 {[%clk 0:01:16]} c6
{[%clk 0:02:09]} 17. Nc3 {[%clk 0:00:48]} Nd7 {[%clk 0:02:06]} 18. Qd2
{[%clk 0:00:34]} f5 {[%clk 0:01:53]} 19. Kh1 {[%clk 0:00:25]} Qh4
{[%clk 0:01:49]} 20. Qf2 {[%clk 0:00:16]} Qxf2 {[%clk 0:01:33]} 21. Rxf2
{[%clk 0:00:17]} Ndc5 {[%clk 0:01:13]} 22. exf5 {[%clk 0:00:06]} gxf5
{[%clk 0:01:11]} 23. Rg2 {[%clk 0:00:05]} Bd4 {[%clk 0:00:47]} 24. Bxd4
{[%clk 0:00:05]} Nxd4 {[%clk 0:00:48]} 25. Rg3 {[%clk 0:00:06]} Rg8
{[%clk 0:00:47]} 26. Kg2 {[%clk 0:00:06]} Nxd3 {[%clk 0:00:44]} 27. Bf3
{[%clk 0:00:03]} Nxf4+ {[%clk 0:00:40]} 28. Kf2 {[%clk 0:00:05]} Rxg3
{[%clk 0:00:39]} 29. hxg3 {[%clk 0:00:06]} Nd3+ {[%clk 0:00:36]} 30. Ke3
{[%clk 0:00:05]} Nc2+ {[%clk 0:00:26]} 31. Kxd3 {[%clk 0:00:04]} Nxa1
{[%clk 0:00:26]} 32. Kd2 {[%clk 0:00:04]} Rg8 {[%clk 0:00:26]} 33. Ne2
{[%clk 0:00:04]} Re8 {[%clk 0:00:25]} 34. b3 {[%clk 0:00:04]} a5 {[%clk 0:00:21]}
35. Kc3 {[%clk 0:00:05]} Re3+ {[%clk 0:00:22]} 36. Kb2 {[%clk 0:00:04]} Rxf3
{[%clk 0:00:22]} 37. Kxa1 {[%clk 0:00:04]} Re3 {[%clk 0:00:23]} 38. Nf4
{[%clk 0:00:03]} Rxg3 {[%clk 0:00:24]} 0-1

[Event "Wroclaw"]
[Site "?"]
[Date "2020.08.27"]
[Round "11.8"]
[White "Golenia, Wojciech"]
[Black "Majocha, Piotr"]
[Result "1-0"]
[BlackElo "1793"]
[WhiteElo "1981"]
[LiveChessVersion "1.4.8"]

1. b3 {[%clk 0:03:02]} d5 {[%clk 0:02:58]} 2. Bb2 {[%clk 0:03:03]} Nf6
{[%clk 0:02:58]} 3. e3 {[%clk 0:03:03]} Bf5 {[%clk 0:02:55]} 4. Be2
{[%clk 0:03:04]} e6 {[%clk 0:02:55]} 5. g4 {[%clk 0:03:05]} Bg6 {[%clk 0:02:55]}
6. h4 {[%clk 0:03:02]} h6 {[%clk 0:02:53]} 7. Nh3 {[%clk 0:02:46]} Nbd7
{[%clk 0:02:45]} 8. Nf4 {[%clk 0:02:45]} Be4 {[%clk 0:02:41]} 9. f3
{[%clk 0:02:42]} Bh7 {[%clk 0:02:41]} 10. g5 {[%clk 0:02:42]} Ng8
{[%clk 0:02:31]} 11. g6 {[%clk 0:02:37]} Bxg6 {[%clk 0:02:24]} 12. Nxg6
{[%clk 0:02:34]} fxg6 {[%clk 0:02:24]} 13. Bd3 {[%clk 0:02:31]} Qe7
{[%clk 0:02:10]} 14. Bxg6+ {[%clk 0:02:20]} Kd8 {[%clk 0:02:11]} 15. Qe2
{[%clk 0:02:08]} Ngf6 {[%clk 0:02:04]} 16. Ba3 {[%clk 0:02:03]} c5
{[%clk 0:01:59]} 17. d4 {[%clk 0:01:51]} Qd6 {[%clk 0:01:52]} 18. Rg1
{[%clk 0:01:26]} Qb6 {[%clk 0:01:35]} 19. c3 {[%clk 0:00:48]} Rc8
{[%clk 0:01:15]} 20. Nd2 {[%clk 0:00:33]} cxd4 {[%clk 0:01:11]} 21. Bxf8
{[%clk 0:00:33]} Nxf8 {[%clk 0:01:04]} 22. cxd4 Nxg6 {[%clk 0:01:03]} 23. Rxg6
{[%clk 0:00:35]} Rc7 {[%clk 0:00:48]} 24. Qg2 {[%clk 0:00:29]} Ne8
{[%clk 0:00:27]} 25. Qg4 {[%clk 0:00:15]} Re7 {[%clk 0:00:21]} 26. Qf4
{[%clk 0:00:15]} Qd6 {[%clk 0:00:16]} 27. Qxd6+ {[%clk 0:00:09]} Nxd6
{[%clk 0:00:17]} 28. Ke2 {[%clk 0:00:10]} Rf8 {[%clk 0:00:16]} 29. Rag1
{[%clk 0:00:10]} Rff7 {[%clk 0:00:17]} 30. h5 {[%clk 0:00:07]} Rc7
{[%clk 0:00:14]} 31. Kd3 {[%clk 0:00:07]} Ke8 {[%clk 0:00:08]} 32. Rxe6+
{[%clk 0:00:07]} Rce7 {[%clk 0:00:09]} 33. Rxd6 {[%clk 0:00:08]} Rc7
{[%clk 0:00:06]} 34. Rxd5 {[%clk 0:00:09]} 1-0

[Event "Wroclaw"]
[Site "?"]
[Date "2020.08.27"]
[Round "11.9"]
[White "Kulesza, Andrzej"]
[Black "Galuszka, Tomasz"]
[Result "1-0"]
[BlackElo "1943"]
[WhiteElo "1749"]
[LiveChessVersion "1.4.8"]

1. e4 {[%clk 0:03:04]} c6 {[%clk 0:03:04]} 2. d4 {[%clk 0:03:05]} d5
{[%clk 0:03:05]} 3. Nc3 {[%clk 0:03:06]} dxe4 {[%clk 0:03:05]} 4. Nxe4
{[%clk 0:03:07]} Bf5 {[%clk 0:03:06]} 5. Ng3 {[%clk 0:03:08]} Bg6
{[%clk 0:03:07]} 6. h4 {[%clk 0:03:09]} h6 {[%clk 0:03:08]} 7. Nf3
{[%clk 0:03:10]} Nd7 {[%clk 0:03:09]} 8. h5 {[%clk 0:03:11]} Bh7 {[%clk 0:03:10]}
9. Bd3 {[%clk 0:03:12]} Bxd3 {[%clk 0:03:11]} 10. Qxd3 {[%clk 0:03:13]} e6
{[%clk 0:03:12]} 11. Bd2 {[%clk 0:03:13]} Ngf6 {[%clk 0:03:12]} 12. O-O-O
{[%clk 0:03:13]} Be7 {[%clk 0:03:13]} 13. Kb1 {[%clk 0:03:08]} O-O
{[%clk 0:03:13]} 14. Ne4 {[%clk 0:03:09]} Nxe4 {[%clk 0:03:13]} 15. Qxe4
{[%clk 0:03:09]} Nf6 {[%clk 0:03:14]} 16. Qe2 {[%clk 0:03:10]} Qd5
{[%clk 0:03:15]} 17. Ne5 {[%clk 0:03:08]} Qxd4 {[%clk 0:03:11]} 18. Bxh6
{[%clk 0:02:50]} Qe4 {[%clk 0:03:11]} 19. Qxe4 {[%clk 0:02:51]} Nxe4
{[%clk 0:03:12]} 20. Be3 {[%clk 0:02:51]} Rfd8 {[%clk 0:03:05]} 21. Nd3
{[%clk 0:02:38]} Rd5 {[%clk 0:02:33]} 22. g4 {[%clk 0:02:30]} a6 {[%clk 0:02:14]}
23. f3 {[%clk 0:02:25]} Nf6 {[%clk 0:02:01]} 24. c4 {[%clk 0:02:11]} Rd7
{[%clk 0:01:56]} 25. g5 {[%clk 0:02:10]} Nh7 {[%clk 0:01:49]} 26. f4
{[%clk 0:02:09]} Nf8 {[%clk 0:01:30]} 27. Kc2 {[%clk 0:02:06]} b5
{[%clk 0:01:14]} 28. Ne5 {[%clk 0:01:56]} Rxd1 {[%clk 0:01:14]} 29. Rxd1
{[%clk 0:01:56]} Rc8 {[%clk 0:01:11]} 30. b3 {[%clk 0:01:43]} c5 {[%clk 0:00:37]}
31. Rh1 {[%clk 0:01:28]} f6 {[%clk 0:00:27]} 32. Nf3 {[%clk 0:01:24]} bxc4
{[%clk 0:00:24]} 33. bxc4 {[%clk 0:01:24]} Rb8 {[%clk 0:00:21]} 34. Bd2
{[%clk 0:01:22]} Kf7 {[%clk 0:00:15]} 35. Re1 {[%clk 0:01:05]} Rb6
{[%clk 0:00:13]} 36. Ba5 {[%clk 0:01:02]} Rd6 {[%clk 0:00:13]} 37. Bc3
{[%clk 0:01:00]} Rb6 {[%clk 0:00:13]} 38. Rd1 {[%clk 0:00:47]} Kg8
{[%clk 0:00:11]} 39. Ba5 {[%clk 0:00:42]} Rb8 {[%clk 0:00:07]} 40. Rh1
{[%clk 0:00:38]} Rb7 {[%clk 0:00:07]} 41. h6 {[%clk 0:00:38]} gxh6
{[%clk 0:00:08]} 42. Rxh6 {[%clk 0:00:39]} Kg7 {[%clk 0:00:08]} 43. Rh1
{[%clk 0:00:38]} Ng6 {[%clk 0:00:09]} 44. gxf6+ {[%clk 0:00:36]} Bxf6
{[%clk 0:00:09]} 45. Rg1 {[%clk 0:00:35]} Rb2+ {[%clk 0:00:10]} 46. Kd3
{[%clk 0:00:32]} Rxa2 {[%clk 0:00:09]} 47. Bd2 {[%clk 0:00:33]} Ra3+
{[%clk 0:00:10]} 48. Ke2 {[%clk 0:00:34]} Kf7 {[%clk 0:00:10]} 49. Ng5+
{[%clk 0:00:32]} Bxg5 {[%clk 0:00:11]} 50. Rxg5 {[%clk 0:00:34]} Ra2
{[%clk 0:00:12]} 51. Rxc5 {[%clk 0:00:32]} Nxf4+ {[%clk 0:00:11]} 52. Ke3
{[%clk 0:00:32]} Ng6 {[%clk 0:00:11]} 53. Rc7+ {[%clk 0:00:33]} Kf6
{[%clk 0:00:12]} 54. Bc3+ {[%clk 0:00:34]} Kg5 {[%clk 0:00:13]} 55. Rc6
{[%clk 0:00:33]} Kf5 {[%clk 0:00:14]} 56. Rc7 {[%clk 0:00:32]} Ra3
{[%clk 0:00:13]} 57. Kd2 {[%clk 0:00:32]} Ke4 {[%clk 0:00:13]} 58. Rc6
{[%clk 0:00:31]} Kf5 {[%clk 0:00:14]} 59. Kc2 {[%clk 0:00:30]} Ne5
{[%clk 0:00:14]} 60. Rc5 {[%clk 0:00:30]} Rxc3+ {[%clk 0:00:14]} 61. Kxc3
{[%clk 0:00:31]} Ke4 {[%clk 0:00:15]} 62. Ra5 {[%clk 0:00:32]} Nd7
{[%clk 0:00:12]} 63. Rxa6 {[%clk 0:00:32]} e5 {[%clk 0:00:13]} 64. Kb4
{[%clk 0:00:32]} Nb8 {[%clk 0:00:12]} 65. Re6 {[%clk 0:00:31]} Kd4
{[%clk 0:00:13]} 66. Kb5 {[%clk 0:00:31]} Nd7 {[%clk 0:00:13]} 67. Rd6+
{[%clk 0:00:32]} 1-0

[Event "Wroclaw"]
[Site "?"]
[Date "2020.08.27"]
[Round "11.10"]
[White "Nowak, Mikolaj"]
[Black "Kozlowski, Pawel"]
[Result "1-0"]
[BlackElo "1900"]
[WhiteElo "1875"]
[LiveChessVersion "1.4.8"]

1. c4 {[%clk 0:03:03]} e6 {[%clk 0:03:04]} 2. d4 {[%clk 0:03:00]} f5
{[%clk 0:03:05]} 3. Nc3 {[%clk 0:03:00]} Nf6 {[%clk 0:03:06]} 4. Bf4
{[%clk 0:02:58]} Bb4 {[%clk 0:03:06]} 5. e3 {[%clk 0:02:58]} O-O {[%clk 0:03:07]}
6. Nge2 {[%clk 0:02:59]} b6 {[%clk 0:03:07]} 7. a3 {[%clk 0:03:00]} Bxc3+
{[%clk 0:03:08]} 8. Nxc3 Bb7 9. d5 {[%clk 0:02:53]} c5 {[%clk 0:02:48]} 10. Be2
{[%clk 0:02:44]} exd5 {[%clk 0:02:37]} 11. cxd5 {[%clk 0:02:43]} d6
{[%clk 0:02:25]} 12. h3 {[%clk 0:02:42]} Na6 {[%clk 0:02:16]} 13. O-O
{[%clk 0:02:40]} Nc7 {[%clk 0:02:17]} 14. b4 {[%clk 0:02:20]} Kh8
{[%clk 0:02:13]} 15. bxc5 {[%clk 0:02:04]} bxc5 {[%clk 0:02:13]} 16. Bc4
{[%clk 0:02:02]} Ba6 {[%clk 0:01:36]} 17. Bxa6 Nxa6 18. Qd3 {[%clk 0:01:45]} Nc7
{[%clk 0:01:31]} 19. Rab1 {[%clk 0:01:43]} Qd7 {[%clk 0:01:29]} 20. Rb7
{[%clk 0:01:37]} Rfb8 {[%clk 0:01:14]} 21. Rfb1 {[%clk 0:01:36]} Rxb7
{[%clk 0:01:13]} 22. Rxb7 {[%clk 0:01:35]} Qc8 {[%clk 0:01:13]} 23. Rb1
{[%clk 0:01:07]} Qd7 {[%clk 0:01:13]} 24. Qc4 {[%clk 0:00:59]} Nce8
{[%clk 0:00:31]} 25. Qa6 {[%clk 0:00:52]} Nc7 {[%clk 0:00:08]} 26. Qb7
{[%clk 0:00:41]} Rd8 {[%clk 0:00:09]} 27. Qxa7 {[%clk 0:00:36]} h6
{[%clk 0:00:11]} 28. Rb7 {[%clk 0:00:32]} Rc8 {[%clk 0:00:10]} 29. a4
{[%clk 0:00:28]} Qd8 {[%clk 0:00:07]} 30. a5 {[%clk 0:00:23]} Ra8
{[%clk 0:00:08]} 31. Qb6 {[%clk 0:00:23]} Ncxd5 {[%clk 0:00:08]} 32. Qxd8+
{[%clk 0:00:08]} Rxd8 33. Nxd5 Nxd5 {[%clk 0:00:11]} 34. a6 {[%clk 0:00:09]} Ra8
{[%clk 0:00:08]} 35. a7 {[%clk 0:00:09]} Kh7 {[%clk 0:00:09]} 36. Bxd6
{[%clk 0:00:10]} c4 {[%clk 0:00:07]} 37. Be5 {[%clk 0:00:11]} Kg6
{[%clk 0:00:04]} 38. Rxg7+ {[%clk 0:00:11]} Kh5 {[%clk 0:00:05]} 39. g4+
{[%clk 0:00:07]} fxg4 {[%clk 0:00:06]} 40. hxg4+ {[%clk 0:00:09]} Kh4
{[%clk 0:00:08]} 41. Kh2 {[%clk 0:00:09]} c3 {[%clk 0:00:07]} 42. Bg3# 1-0

[Event "Wroclaw"]
[Site "?"]
[Date "2020.08.27"]
[Round "11.11"]
[White "Michalowski, Patryk"]
[Black "Lambrecht, Tomasz"]
[Result "0-1"]
[BlackElo "1487"]
[WhiteElo "1641"]
[LiveChessVersion "1.4.8"]

1. e4 {[%clk 0:03:03]} c6 {[%clk 0:03:04]} 2. d4 {[%clk 0:03:04]} d5
{[%clk 0:03:06]} 3. exd5 {[%clk 0:03:04]} cxd5 {[%clk 0:03:07]} 4. Bd3
{[%clk 0:03:05]} Nc6 5. c3 {[%clk 0:03:05]} Nf6 {[%clk 0:03:09]} 6. Bf4
{[%clk 0:03:06]} Bg4 {[%clk 0:03:09]} 7. Qb3 {[%clk 0:03:06]} Qd7
{[%clk 0:03:11]} 8. Nd2 {[%clk 0:03:05]} e6 {[%clk 0:03:12]} 9. Ngf3
{[%clk 0:03:06]} Bxf3 {[%clk 0:03:12]} 10. Nxf3 {[%clk 0:03:07]} Bd6
{[%clk 0:03:14]} 11. Ne5 {[%clk 0:03:01]} Qc7 {[%clk 0:02:55]} 12. Bb5
{[%clk 0:02:32]} O-O {[%clk 0:02:44]} 13. Bxc6 {[%clk 0:02:28]} bxc6
{[%clk 0:02:42]} 14. Qc2 {[%clk 0:02:20]} Nh5 {[%clk 0:02:01]} 15. g3
{[%clk 0:02:01]} Nxf4 {[%clk 0:01:45]} 16. gxf4 {[%clk 0:02:01]} f6
{[%clk 0:01:46]} 17. Nd3 {[%clk 0:01:57]} Bxf4 {[%clk 0:01:43]} 18. Rg1
{[%clk 0:01:33]} Rfe8 {[%clk 0:01:27]} 19. Rg4 {[%clk 0:01:26]} Bh6
{[%clk 0:01:28]} 20. f4 {[%clk 0:01:17]} e5 {[%clk 0:00:53]} 21. fxe5
{[%clk 0:01:01]} fxe5 {[%clk 0:00:54]} 22. Nxe5 {[%clk 0:01:02]} c5
{[%clk 0:00:39]} 23. Qg2 {[%clk 0:00:55]} Rad8 {[%clk 0:00:19]} 24. Kf1
{[%clk 0:00:33]} cxd4 {[%clk 0:00:19]} 25. cxd4 {[%clk 0:00:33]} Qb6
{[%clk 0:00:07]} 26. Rd1 {[%clk 0:00:07]} Re6 {[%clk 0:00:08]} 27. Rd3
{[%clk 0:00:05]} Rf8+ {[%clk 0:00:06]} 28. Rf3 {[%clk 0:00:06]} Rxf3+
{[%clk 0:00:07]} 29. Qxf3 {[%clk 0:00:04]} Rf6 {[%clk 0:00:08]} 30. Qxf6
{[%clk 0:00:00]} Qxf6+ {[%clk 0:00:08]} 0-1